Empleos verdes para un desarrollo sostenible con trabajo decente en América Latina y el Caribe /

Sparad:
Bibliografiska uppgifter
Huvudupphovsman: Reinecke, Gerhard
Övriga upphovsmän: Maureira, Antonio
Materialtyp: Text
Taggar: Lägg till en tagg
Inga taggar, Lägg till första taggen!

MARC

LEADER 00000 a a2200000 04500
001 45819
003
040
100 |a Reinecke, Gerhard  
245 |a Empleos verdes para un desarrollo sostenible con trabajo decente en América Latina y el Caribe /  |c Gerhard Reinecke, Antonio Maureira  
700 |a Maureira, Antonio  
773 |g páginas 85-98  
999 |c 40120  |d 40120